[Event "Liwali Bhaktapur Cup"]
[Site "Liwali"]
[Date "2021.03.16"]
[Round "7.3"]
[White "Tamang, Sudip"]
[Black "Jaiswal, Rupesh"]
[Result "0-1"]
[WhiteElo "1825"]
[BlackElo "2115"]
[PlyCount "69"]
[EventDate "2021.03.13"]
[EventType "team-swiss"]
[EventRounds "7"]
[EventCountry "NEP"]
[SourceTitle "EXT 2022"]
[Source "ChessBase"]
[SourceDate "2021.10.06"]
[SourceVersion "1"]
[SourceVersionDate "2021.10.06"]
[SourceQuality "1"]
[WhiteTeam "Bhimeshwor Municipality"]
[BlackTeam "Hetauda Sub Metropolitan City"]
[WhiteTeamCountry "NEP"]
[BlackTeamCountry "NEP"]

1. d4 Nf6 2. Bf4 e6 3. e3 c5 4. Nf3 b6 5. c4 Bb7 6. d5 d6 7. Nc3 e5 8. Bg5 Be7 9. Bxf6 Bxf6 10. Bd3 Nd7 11. 0-0 0-0 12. Qc2 g6 13. Nd2 Bg7 14. Nde4 Nf6 15. Ng3 Qe7 16. Rae1 Bc8 17. f4 Ng4 18. h3 exf4 19. Rxf4 Ne5 20. Kh1 Bd7 21. Qe2 Rae8 22. Bb1 Bh6 23. Ref1 f5 24. Kg1 Bxf4 25. exf4 Nf7 26. Qc2 Qf6 27. Kh2 Nh6 28. Nge2 Re3 29. Nd1 Re7 30. Ndc3 Rfe8 31. a4 Qh4 32. Kg1 a5 33. Qb3 Rxe2 34. Nxe2 Rxe2 35. Qd1 0-1